000 00727nmm a2200265 a 4500
003 AR-BaBNM
005 20251128204315.0
008 236019s[s.f ||||||||||||||000 | spa||
040 _cAR-BaBNM
100 1 _aCorzo Montaño, Patricia
245 1 0 _aOrientación a padres de familia con hijos sordos
260 _a[S.l.]
_b[s.n.]
_c[s.f.]
300 0 _a16 p.
_bil.
500 0 _aNo contiene información bibliográfica
650 4 _aEDUCACION ESPECIAL
650 4 _aEDUCACION DE LOS PADRES
650 4 _aEDUCACION DE SORDOS
650 4 _aSORDOS
650 4 _aTERAPIA DEL SISTEMA AUDITIVO
650 4 _aREHABILITACION
653 0 _aREEDUCACION
653 0 _aORIENTACION EDUCATIVA
942 _cBK
998 _csilvi
999 _c6962
_d6962